|
|
|
|
| LEADER |
00786nab a2200205 i 4500 |
| 001 |
publ13953 |
| 005 |
20181002085424.0 |
| 008 |
181002s2018 hu o 0|| zxx d |
| 022 |
|
|
|a 1871-5206
|
| 024 |
7 |
|
|a 10.2174/1871520617666171114111721
|2 doi
|
| 024 |
7 |
|
|a 3406424
|2 mtmt
|
| 040 |
|
|
|a SZTE Publicatio Repozitórium
|b hun
|
| 041 |
|
|
|a zxx
|
| 100 |
1 |
|
|a Minorics Renáta
|
| 245 |
1 |
0 |
|a Steroidal anticancer agents
|h [elektronikus dokumentum] :
|b an overview of estradiol-related compounds /
|c Minorics Renáta
|
| 260 |
|
|
|a Bentham Science Publishers Ltd.
|c 2018
|
| 300 |
|
|
|a 652-666
|
| 490 |
0 |
|
|a ANTI-CANCER AGENTS IN MEDICINAL CHEMISTRY
|v 18 No. 5
|
| 700 |
0 |
1 |
|a Zupkó István
|e aut
|
| 856 |
4 |
0 |
|u http://publicatio.bibl.u-szeged.hu/13953/1/192_Anticancer_Agents_Med_Chem_2018.pdf
|z Dokumentum-elérés
|